[Event "FB22 2122 SG Solingen - SV Mülheim-Nor"]
[Site "?"]
[Date "2021.11.28"]
[Round "2.1"]
[White "Dergatschova, Anna"]
[Black "Bashylina, Luisa"]
[Result "0-1"]
[WhiteElo "2168"]
[BlackElo "1916"]
[PlyCount "54"]
[EventDate "2021.??.??"]

1. e4 c5 2. Nf3 d6 3. d4 cxd4 4. Qxd4 Nf6 5. Nc3 Nc6 6. Bb5 Bd7 7. Bxc6 Bxc6 8.
O-O g6 9. Bg5 Bg7 10. Nd5 Bxd5 11. exd5 O-O 12. c3 Qa5 13. Rfd1 Rac8 14. Be3
Qb5 15. a4 Qxb2 16. Rab1 Qxc3 17. Qxc3 Rxc3 18. Rxb7 Ra3 19. h3 Rxa4 20. Rxe7
Ra8 21. Rb7 Ne4 22. Rdb1 Bf6 23. Rd7 a5 24. Rbb7 Rb4 25. Rbc7 a4 26. Bh6 a3 27.
Ra7 Ra4 0-1

[Event "FB22 2122 SG Solingen - SV Mülheim-Nor"]
[Site "?"]
[Date "2021.11.28"]
[Round "2.2"]
[White "Muedder, Melanie"]
[Black "Karmann, Anna"]
[Result "1-0"]
[WhiteElo "1766"]
[BlackElo "1933"]
[PlyCount "59"]
[EventDate "2021.??.??"]

1. e4 c6 2. Nf3 d5 3. Nc3 Bg4 4. h3 Bxf3 5. Qxf3 e6 6. Be2 Nd7 7. d4 dxe4 8.
Nxe4 Ngf6 9. Nd2 Nb6 10. c3 Qd5 11. O-O O-O-O 12. a4 Qxf3 13. Nxf3 Bd6 14. a5
Nbd5 15. a6 b6 16. Ne5 Bxe5 17. dxe5 Nd7 18. f4 Nc5 19. Ra3 Nc7 20. b4 Nd7 21.
c4 Nb8 22. Be3 Nbxa6 23. b5 cxb5 24. cxb5 Nd5 25. bxa6 Nxe3 26. Rxe3 Rd4 27.
Rc3+ Kb8 28. Rfc1 Rxf4 29. Bf3 Rd4 30. Rc7 1-0

[Event "FB22 2122 SG Solingen - SV Mülheim-Nor"]
[Site "?"]
[Date "2021.11.28"]
[Round "2.3"]
[White "Kinzel, Tiffany"]
[Black "Rudolph, Eva"]
[Result "1-0"]
[WhiteElo "1786"]
[BlackElo "1746"]
[PlyCount "115"]
[EventDate "2021.??.??"]

1. d4 d5 2. e3 c5 3. c3 Nc6 4. Bd3 e5 5. dxe5 Nxe5 6. Bb5+ Nc6 7. Ne2 Nf6 8.
O-O Bd6 9. h3 O-O 10. Bd3 Re8 11. b3 Bc7 12. Nd2 Qd6 13. Nf3 Ne5 14. Ng3 h5 15.
Re1 Bd7 16. Bb2 c4 17. Bc2 Nxf3+ 18. Qxf3 h4 19. Nf1 Bc6 20. Qe2 Bb5 21. b4 Bd7
22. Rad1 Ne4 23. Qh5 Qf6 24. Bxe4 Rxe4 25. Rxd5 Bc6 26. Rf5 Qe7 27. Qe2 Qe6 28.
Rg5 Re8 29. Nd2 Qd6 30. Nf1 Qf6 31. Rg4 Qf5 32. Nd2 Qe5 33. Nf1 Qd6 34. f3 Rxg4
35. hxg4 Bb6 36. Qxc4 a6 37. Qb3 h3 38. c4 Qd7 39. Qc3 f6 40. c5 Bc7 41. Qc2
Rd8 42. e4 hxg2 43. Kxg2 Bb5 44. Bc1 Bd3 45. Qb3+ Kf8 46. a4 Qd4 47. Ng3 Bc4
48. Qc2 Kf7 49. Rh1 Bxg3 50. Kxg3 Bd3 51. Qb2 Qc4 52. g5 f5 53. Rh7 Rg8 54.
Qf6+ Ke8 55. Qe5+ Kf8 56. Qxf5+ Ke7 57. Bf4 Be2 58. g6 1-0

[Event "FB22 2122 SG Solingen - SV Mülheim-Nor"]
[Site "?"]
[Date "2021.11.28"]
[Round "2.4"]
[White "Sereda, Yaroslava"]
[Black "Stoer, Agnes"]
[Result "0-1"]
[WhiteElo "1711"]
[BlackElo "1837"]
[PlyCount "120"]
[EventDate "2021.??.??"]

1. e4 c6 2. d4 d5 3. Nc3 dxe4 4. Nxe4 Bf5 5. Ng3 Bg6 6. Nf3 e6 7. h4 h6 8. Ne5
Bh7 9. Qh5 g6 10. Qf3 f6 11. Qb3 fxe5 12. Qxb7 Nd7 13. Qxc6 exd4 14. Ne4 Qa5+
15. Nd2 Qd5 16. Qa6 Nc5 17. Qb5+ Kf7 18. Be2 Rd8 19. Bf3 Qd7 20. Bc6 Qc7 21.
Bf3 Nf6 22. O-O g5 23. Qc4 Qe5 24. b4 d3 25. c3 Na4 26. Qa6 Bd6 27. g3 gxh4 28.
Nc4 Qf5 29. Qxa7+ Be7 30. Qxa4 Rhg8 31. Bg2 Kf8 32. Bxh6+ Rg7 33. Bxg7+ Kxg7
34. Qa5 Nd5 35. Qa7 Kf8 36. Ne3 Qg5 37. Nxd5 exd5 38. Qd4 Bf6 39. Qc5+ Be7 40.
Qd4 Bf6 41. Qe3 Kg7 42. Qxg5+ Bxg5 43. gxh4 Bd2 44. b5 Bxc3 45. Rac1 d4 46. Kh2
d2 47. Rcd1 Rf8 48. Bc6 Kf6 49. b6 Ke5 50. b7 Kd6 51. Bg2 Bd3 52. Kg3 Kc7 53.
f4 Re8 54. f5 Bxf1 55. Bxf1 Re1 56. Rxd2 Bxd2 57. Bg2 Bh6 58. Kf2 Ra1 59. Bd5
d3 60. Bb3 Kxb7 0-1

[Event "FB22 2122 SG Solingen - SV Mülheim-Nor"]
[Site "?"]
[Date "2021.11.28"]
[Round "2.5"]
[White "Frank, Carolin"]
[Black "Orlova, Alicia"]
[Result "0-1"]
[WhiteElo "1603"]
[BlackElo "1687"]
[PlyCount "104"]
[EventDate "2021.??.??"]

1. Nf3 d5 2. g3 Nf6 3. Bg2 c6 4. c4 e6 5. O-O g6 6. d4 Bg7 7. b3 O-O 8. Bb2
Nbd7 9. Qc2 Qc7 10. Nbd2 b6 11. Rac1 Bb7 12. Ne5 Rac8 13. Ndf3 Rfd8 14. Rfd1
Qb8 15. e3 Ne8 16. Nd3 Nd6 17. Qe2 Ne4 18. h4 a5 19. Ng5 Nxg5 20. hxg5 Ba6 21.
Qg4 a4 22. Kh2 h5 23. gxh6 Bf6 24. Rh1 Kh7 25. Kg1 Qd6 26. Qf3 Qe7 27. Ne5 a3
28. Ba1 Bb7 29. Ng4 Bh8 30. Bf1 Nf6 31. Ne5 dxc4 32. bxc4 c5 33. d5 exd5 34.
Ng4 d4 35. Nxf6+ Bxf6 36. e4 Bxe4 37. Qxa3 Bxh1 38. Kxh1 Qe5 39. Kg2 Qc7 40.
Qf3 Qc6 41. Rb1 Qxf3+ 42. Kxf3 Rd6 43. Bb2 Kxh6 44. Bg2 Ra8 45. a3 Ra4 46. Bf1
d3 47. Bxf6 Rxf6+ 48. Ke3 Rxc4 49. Rb3 Rc2 50. f4 c4 51. Rb1 Re6+ 52. Kd4 d2
0-1

[Event "FB22 2122 Lübecker SV - Hamburger SK I"]
[Site "?"]
[Date "2021.11.28"]
[Round "2.1"]
[White "Hubert, Charlotte"]
[Black "Kopylov, Luba"]
[Result "0-1"]
[WhiteElo "1632"]
[BlackElo "2031"]
[PlyCount "76"]
[EventDate "2021.??.??"]

1. e4 c5 2. Nf3 d6 3. d4 cxd4 4. Nxd4 Nf6 5. Nc3 g6 6. Be3 Bg7 7. f3 O-O 8. Qd2
Nc6 9. g4 Nxd4 10. Bxd4 Be6 11. h4 Qa5 12. h5 Rac8 13. a3 Bc4 14. hxg6 fxg6 15.
O-O-O Bxf1 16. Rdxf1 Rf7 17. Ne2 Qa4 18. Nc3 Qc4 19. Qd3 Qxd3 20. cxd3 b6 21.
Kb1 e5 22. Be3 Rcf8 23. Rhg1 d5 24. g5 Nxe4 25. Nxd5 Nd6 26. f4 Nf5 27. Bd2 Rd8
28. Nf6+ Bxf6 29. gxf6 exf4 30. Bc3 Ng3 31. Rf3 Ne2 32. Rg4 Nxc3+ 33. bxc3 Rxf6
34. d4 Rd5 35. Kc2 h5 36. Rh4 Kg7 37. Kd3 Kh6 38. Rh1 g5 0-1

[Event "FB22 2122 Lübecker SV - Hamburger SK I"]
[Site "?"]
[Date "2021.11.28"]
[Round "2.2"]
[White "Mundt, Alexandra"]
[Black "Wartenberg, Alissa"]
[Result "0-1"]
[WhiteElo "1785"]
[BlackElo "1586"]
[PlyCount "152"]
[EventDate "2021.??.??"]

1. e4 e5 2. Nf3 Nc6 3. Bb5 a6 4. Ba4 Nf6 5. d3 b5 6. Bb3 d6 7. Ng5 d5 8. exd5
Na5 9. d6 Nxb3 10. dxc7 Qxc7 11. axb3 Bb7 12. Nf3 Bd6 13. Bg5 Nd5 14. c4 Nb4
15. Nc3 bxc4 16. bxc4 O-O 17. O-O f6 18. Be3 f5 19. Ng5 Rf6 20. f3 Re8 21. Na4
e4 22. fxe4 Bxh2+ 23. Kh1 Rh6 24. Nh3 Rg6 25. Bb6 Qg3 26. Qf3 Qxf3 27. gxf3 Bb8
28. Rad1 fxe4 29. dxe4 Rg3 30. Ng1 Nc6 31. Bf2 Rg6 32. Nh3 Rh6 33. Kg2 Ree6 34.
Rh1 Reg6+ 35. Kf1 Bc8 36. Ke2 Rxh3 37. Rxh3 Bxh3 38. Nc5 Ba7 39. Nxa6 Rg2 40.
c5 Bc8 41. Kf1 Rxf2+ 42. Kxf2 Bxa6 43. b4 h6 44. Rd7 Bb8 45. Ke3 Kh7 46. f4
Nxb4 47. e5 Nc6 48. Ke4 Bc8 49. Rf7 Kg8 50. e6 Bxe6 51. Rb7 Bc8 52. Rb6 Ba7 53.
Rb5 Ba6 54. Rb1 Ne7 55. Kd4 Ng6 56. Ra1 Bxc5+ 57. Kxc5 Bd3 58. Ra8+ Kh7 59. Ra4
h5 60. Rd4 Bf5 61. Kd6 Kh6 62. Rd5 Bg4 63. f5 Nh4 64. Ke6 Nxf5 65. Rxf5 Bxf5+
66. Kxf5 g5 67. Ke4 h4 68. Kf3 h3 69. Kg3 g4 70. Kh2 Kg5 71. Kg3 Kf5 72. Kh2
Kf4 73. Kh1 g3 74. Kg1 Kf3 75. Kh1 g2+ 76. Kh2 Kf2 0-1

[Event "FB22 2122 Lübecker SV - Hamburger SK I"]
[Site "?"]
[Date "2021.11.28"]
[Round "2.3"]
[White "Neumann, Ramona"]
[Black "Sickmann, Lisa"]
[Result "0-1"]
[WhiteElo "1660"]
[BlackElo "1569"]
[PlyCount "74"]
[EventDate "2021.??.??"]

1. e4 e5 2. Nf3 Nc6 3. Bc4 Bc5 4. O-O Nf6 5. d3 h6 6. c3 d6 7. b4 Bb6 8. a4 a6
9. a5 Ba7 10. Be3 O-O 11. Bxa7 Rxa7 12. Nbd2 Be6 13. Qc2 d5 14. exd5 Bxd5 15.
Bxd5 Nxd5 16. Rad1 Ra8 17. Ne4 Qe7 18. Rfe1 Rfd8 19. Ng3 Qf6 20. Ne2 Re8 21.
Nd2 Rad8 22. Ne4 Qg6 23. Qb3 Nf4 24. Nxf4 exf4 25. f3 Ne5 26. Kf1 Nxd3 27. Rxd3
Rxd3 28. Nf6+ Qxf6 29. Rxe8+ Kh7 30. Qb1 Qg6 31. Qc1 Qd6 32. Re1 Rd2 33. Qb1+
g6 34. Qe4 Qf6 35. Qc4 c6 36. Qe4 Qh4 37. Re2 Rd1+ 0-1

[Event "FB22 2122 Lübecker SV - Hamburger SK I"]
[Site "?"]
[Date "2021.11.28"]
[Round "2.4"]
[White "Hellenbroich, Helene"]
[Black "Garny, Annica"]
[Result "0-1"]
[WhiteElo "1283"]
[BlackElo "1726"]
[PlyCount "44"]
[EventDate "2021.??.??"]

1. e4 e5 2. Nf3 Nc6 3. Bc4 Bc5 4. c3 d6 5. d3 Nf6 6. Nbd2 Ng4 7. O-O f5 8. exf5
Bxf5 9. Ne4 Bb6 10. Qb3 Qd7 11. Neg5 Na5 12. Bf7+ Kf8 13. Be6 Qe7 14. Qd1 Bxe6
15. Nxe6+ Qxe6 16. Ng5 Qf5 17. Qf3 Qxf3 18. gxf3 Nf6 19. Ne6+ Kf7 20. Ng5+ Ke7
21. f4 exf4 22. Re1+ Kd7 0-1

[Event "FB22 2122 Lübecker SV - Hamburger SK I"]
[Site "?"]
[Date "2021.11.28"]
[Round "2.6"]
[White "Schnell, Andrea"]
[Black "Reich, Kristina"]
[Result "0-1"]
[WhiteElo "1250"]
[BlackElo "1544"]
[PlyCount "90"]
[EventDate "2021.??.??"]

1. d4 Nf6 2. Nf3 e6 3. c4 d5 4. Nc3 c5 5. cxd5 Nxd5 6. e4 Nxc3 7. bxc3 Nc6 8.
Bb5 Bd7 9. O-O Qb6 10. Bxc6 Bxc6 11. d5 Bb5 12. Rb1 Qa6 13. Re1 Bc4 14. a3 g6
15. dxe6 Bxe6 16. Ng5 Bg7 17. Nxe6 fxe6 18. Qf3 Rf8 19. Qe3 b6 20. e5 Rd8 21.
Qh3 Kf7 22. Bg5 Rd3 23. Re3 Rxe3 24. Qxe3 Qxa3 25. h3 Kg8 26. Rd1 Qb2 27. Rd8
Qb1+ 28. Kh2 Qf5 29. Rxf8+ Kxf8 30. Bf4 a5 31. g4 Qc2 32. Bh6 Bxh6 33. Qxh6+
Kg8 34. Qe3 a4 35. Qf3 a3 36. Qa8+ Kg7 37. Qb7+ Kh6 38. Kg2 a2 39. Qe7 Qe4+ 40.
f3 Qe2+ 41. Kg3 Qxe5+ 42. f4 Qxc3+ 43. Kg2 Qd2+ 44. Kg3 Qe3+ 45. Kh4 Qf2# 0-1

[Event "FB22 2122 SK Doppelbauer Turm Kiel - De"]
[Site "?"]
[Date "2021.11.28"]
[Round "2.1"]
[White "Moenster, Madita"]
[Black "Michna, Marta"]
[Result "0-1"]
[WhiteElo "1902"]
[BlackElo "2312"]
[PlyCount "136"]
[EventDate "2021.??.??"]

1. e4 d6 2. d4 Nf6 3. Nc3 e5 4. Nf3 Nbd7 5. Bc4 Be7 6. O-O O-O 7. Qe2 c6 8. a4
b6 9. Rd1 Qc7 10. Bg5 h6 11. Bh4 Bb7 12. h3 a6 13. Bb3 b5 14. axb5 axb5 15.
Rxa8 Bxa8 16. d5 b4 17. Nb1 Nc5 18. Bxf6 Bxf6 19. Bc4 cxd5 20. Bxd5 Bxd5 21.
Rxd5 Ne6 22. Qd1 Ra8 23. Nbd2 Ra2 24. Nf1 Nd4 25. Ne3 Qa7 26. Qd3 Rxb2 27. Nd2
Qa3 28. Qc4 Qc3 29. Qxc3 bxc3 30. Ndc4 Bg5 31. Rxd6 Rb1+ 32. Kh2 Bf4+ 33. g3
Nf3+ 34. Kg2 Ne1+ 35. Kh2 Bxe3 36. Nxe3 Rb2 37. Rc6 Nxc2 38. Nd1 Nb4 39. Rxc3
Rd2 40. Ne3 Nd3 41. Rc8+ Kh7 42. Rd8 Rxf2+ 43. Kg1 Rd2 44. Rd7 Kg6 45. Nc4 Rd1+
46. Kg2 f6 47. Re7 Nc5 48. Ne3 Rd7 49. Rxd7 Nxd7 50. Kf3 Nc5 51. Nf5 h5 52. h4
Kf7 53. Ne3 Ne6 54. Nd5 Nd4+ 55. Kf2 Ke6 56. Nc7+ Kd7 57. Nd5 Kd6 58. Ne3 g6
59. Nc4+ Kc5 60. Nb2 Nc2 61. Kf3 Kd4 62. Nd1 Ne1+ 63. Ke2 Nd3 64. Kf3 g5 65.
hxg5 fxg5 66. g4 h4 67. Ne3 Ne1+ 68. Ke2 Kxe4 0-1

[Event "FB22 2122 SK Doppelbauer Turm Kiel - De"]
[Site "?"]
[Date "2021.11.28"]
[Round "2.2"]
[White "Silz, Elisa"]
[Black "Kickert, Germaine Helene"]
[Result "1/2-1/2"]
[WhiteElo "2038"]
[BlackElo "1975"]
[PlyCount "149"]
[EventDate "2021.??.??"]

1. d4 Nf6 2. Nf3 g6 3. c4 Bg7 4. Nc3 d6 5. e4 O-O 6. Be3 e5 7. dxe5 dxe5 8.
Qxd8 Rxd8 9. Nd5 Nxd5 10. cxd5 c6 11. Bc4 cxd5 12. Bxd5 Nc6 13. Bxc6 bxc6 14.
O-O f5 15. Rac1 Be6 16. b3 fxe4 17. Nd2 Bd5 18. Rfe1 a5 19. Bg5 Rdb8 20. Nxe4
a4 21. Nc5 axb3 22. axb3 e4 23. Nxe4 Rxb3 24. Nc5 Rba3 25. Be3 Ra1 26. Rxa1
Rxa1 27. Rxa1 Bxa1 28. f3 Kg7 29. Kf2 Kf6 30. Ke2 Bc4+ 31. Kd2 Ke5 32. Nd7+ Kd6
33. Nc5 Bb2 34. Kc2 Ba3 35. Ne4+ Ke5 36. Kc3 Bf1 37. Nd2 Bb5 38. Nc4+ Bxc4 39.
Kxc4 Bd6 40. g3 Be7 41. Bd4+ Ke6 42. Bc5 Bf6 43. Bf8 h5 44. Kc5 Kd7 45. Kb6
Bd4+ 46. Bc5 Be5 47. Bf2 Kd6 48. h4 Kd5 49. g4 Bd6 50. Be3 c5 51. Kb5 c4 52.
Ka4 Be7 53. Bf2 Ke5 54. Be3 Bxh4 55. gxh5 gxh5 56. Kb4 Kd5 57. Kc3 Be1+ 58. Kc2
h4 59. Kd1 h3 60. Bf4 Bf2 61. Ke2 Bc5 62. Kf1 Bd6 63. Be3 Bh2 64. Kf2 c3 65.
Kf1 Ke5 66. Bc1 Kd4 67. Kf2 Kd3 68. Bg5 c2 69. Bh6 Kd4 70. Bc1 Kc3 71. Bg5 Kb2
72. Be3 Bd6 73. Bg5 c1=Q 74. Bxc1+ Kxc1 75. Kg1 1/2-1/2

[Event "FB22 2122 SK Doppelbauer Turm Kiel - De"]
[Site "?"]
[Date "2021.11.28"]
[Round "2.5"]
[White "Wollscheid, Stefanie"]
[Black "Hielscher, Ursula"]
[Result "1/2-1/2"]
[WhiteElo "1692"]
[BlackElo "1749"]
[PlyCount "61"]
[EventDate "2021.??.??"]

1. e4 e5 2. Nf3 Nc6 3. Bb5 Nf6 4. d3 Bc5 5. h3 d6 6. Bg5 O-O 7. O-O a6 8. Bc4
Na5 9. Bb3 Nxb3 10. axb3 h6 11. Bh4 Re8 12. c3 Bd7 13. Nbd2 Bc6 14. Nc4 b5 15.
Na5 Bd7 16. Nb7 Qe7 17. Nxc5 dxc5 18. Bg3 Qd6 19. Nxe5 Qe6 20. c4 Rad8 21. Qe1
Nh5 22. Bh2 Bc8 23. Qe2 Nf6 24. Qe3 Qb6 25. Rfd1 bxc4 26. bxc4 Rd4 27. Nf3 Rd7
28. Ne5 Rd4 29. Nf3 Rd7 30. Ne5 Rd4 31. Nf3 1/2-1/2

[Event "FB22 2122 SK Doppelbauer Turm Kiel - De"]
[Site "?"]
[Date "2021.11.28"]
[Round "2.6"]
[White "Malinowsky, Celina"]
[Black "Wenke, Andrea"]
[Result "1-0"]
[WhiteElo "1455"]
[BlackElo "1706"]
[PlyCount "85"]
[EventDate "2021.??.??"]

1. e4 e5 2. Nf3 Nc6 3. Bc4 Bc5 4. c3 d6 5. d3 Nf6 6. Nbd2 O-O 7. O-O Bg4 8. Bb3
Qd7 9. Re1 Nh5 10. Nf1 Nf4 11. Ng3 Bh3 12. Bxf4 exf4 13. gxh3 fxg3 14. d4 gxf2+
15. Kxf2 Bb6 16. h4 Qh3 17. Rg1 Kh8 18. Rg3 Qd7 19. Ng5 g6 20. h5 Na5 21. Ba4
Nc6 22. hxg6 fxg6+ 23. Rf3 Qg4 24. Nf7+ Kg7 25. Bb3 Qxe4 26. Qd2 Qh4+ 27. Kg2
Nd8 28. Raf1 Qg4+ 29. Kh1 Qh5 30. Qf4 Nxf7 31. Qf6+ Kh6 32. Bxf7 c6 33. Rf4 Bd8
34. Qxd6 Bg5 35. Rf5 Rad8 36. Qe6 Kg7 37. Qe5+ Kh6 38. R5f3 Qh4 39. Qe6 Kg7 40.
Rh3 Qxh3 41. Qxh3 Rxf7 42. Rxf7+ Kxf7 43. Qxh7+ 1-0

[Event "FB22 2122 Hamburger SK II - Delmenhorst"]
[Site "?"]
[Date "2022.02.20"]
[Round "3.1"]
[White "Moenster, Madita"]
[Black "Rogozenco, Ileana"]
[Result "0-1"]
[WhiteElo "1894"]
[BlackElo "2034"]
[PlyCount "86"]
[EventDate "2022.??.??"]

1. e4 c5 2. Nf3 e6 3. d4 cxd4 4. Nxd4 a6 5. c4 Nf6 6. Nc3 Qc7 7. Be2 b6 8. O-O
Bb7 9. Qd3 d6 10. f4 Nbd7 11. b4 Be7 12. Bb2 O-O 13. Rac1 g6 14. Nf3 Rad8 15.
a3 Qb8 16. Ng5 h6 17. Nxe6 fxe6 18. e5 dxe5 19. Qxg6+ Kh8 20. Qxh6+ Kg8 21. f5
Rf7 22. fxe6 Rh7 23. Qe3 Nf8 24. Na4 Rd4 25. Rf5 Re4 26. Qg3+ Rg7 27. Rg5 Nxe6
28. Rxg7+ Nxg7 29. Bf3 Re3 30. Bxe5 Rxe5 31. Bxb7 Bd6 32. Qf3 Rf5 33. Qd3 Bxh2+
34. Kh1 Bf4 35. Rf1 Qxb7 36. Rf3 Rh5+ 37. Kg1 Bh2+ 38. Kf1 Qe7 39. Nxb6 Bc7 40.
Re3 Rh1+ 41. Ke2 Qf7 42. c5 Qh5+ 43. Kd2 Rd1+ 0-1

[Event "FB22 2122 Hamburger SK II - Delmenhorst"]
[Site "?"]
[Date "2022.02.20"]
[Round "3.2"]
[White "Hubert, Charlotte"]
[Black "Moeller, Hannah"]
[Result "0-1"]
[WhiteElo "1666"]
[BlackElo "1819"]
[PlyCount "66"]
[EventDate "2022.??.??"]

1. d4 Nf6 2. c4 g6 3. Nc3 Bg7 4. e4 d6 5. Nf3 Nbd7 6. Be2 O-O 7. O-O e5 8. Be3
Ng4 9. Bg5 f6 10. Bc1 Nh6 11. Re1 c6 12. a3 f5 13. exf5 Nxf5 14. dxe5 Nxe5 15.
Ng5 h6 16. Nge4 Nd4 17. f4 Nxe2+ 18. Nxe2 Nxc4 19. N4c3 d5 20. b3 Qb6+ 21. Kh1
Nd6 22. Bd2 Ne4 23. Nxe4 Bxa1 24. Qxa1 dxe4 25. Nd4 c5 26. Nc2 Qxb3 27. Qe5 Qe6
28. Qxc5 Qf5 29. Qd4 Qf6 30. Qxe4 Bf5 31. Qc4+ Qf7 32. Qb4 Bxc2 33. Re7 Qb3 0-1

[Event "FB22 2122 Hamburger SK II - Delmenhorst"]
[Site "?"]
[Date "2022.02.20"]
[Round "3.3"]
[White "Wollscheid, Stefanie"]
[Black "Neumann, Ramona"]
[Result "1-0"]
[WhiteElo "1680"]
[BlackElo "1641"]
[PlyCount "25"]
[EventDate "2022.??.??"]

1. e4 e6 2. d4 d5 3. e5 c5 4. c3 Nc6 5. Nf3 Qb6 6. dxc5 Bxc5 7. Qc2 Qc7 8. Bb5
Nge7 9. Bf4 O-O 10. Bd3 Ng6 11. Bg3 Nce7 12. h4 h6 13. h5 1-0

[Event "FB22 2122 Hamburger SK II - Delmenhorst"]
[Site "?"]
[Date "2022.02.20"]
[Round "3.4"]
[White "Garny, Annica"]
[Black "Koenig, Emmilie"]
[Result "1/2-1/2"]
[WhiteElo "1729"]
[BlackElo "1507"]
[PlyCount "80"]
[EventDate "2022.??.??"]

1. e4 c6 2. d4 d5 3. Bd3 dxe4 4. Bxe4 Nf6 5. Bf3 Bf5 6. c3 Bxb1 7. Rxb1 e6 8.
Ne2 Bd6 9. Bf4 Bxf4 10. Nxf4 Qd6 11. g3 g5 12. Nd3 Nbd7 13. Qb3 Rb8 14. O-O h5
15. Rfe1 Kf8 16. Ne5 Rh6 17. Rbd1 g4 18. Bg2 h4 19. c4 hxg3 20. Qxg3 Kg7 21. h3
Rbh8 22. hxg4 R6h7 23. g5 Nh5 24. Qf3 Nxe5 25. dxe5 Qe7 26. Qe3 Rg8 27. Rd4 Kh8
28. f4 Nxf4 29. Qxf4 Qc5 30. Kf1 Rxg5 31. Rd8+ Rg8 32. Rxg8+ Kxg8 33. Re3 Rg7
34. Rd3 Qb6 35. Rb3 Qd8 36. Rxb7 Qd1+ 37. Kf2 Qc2+ 38. Ke3 Qc1+ 39. Kf3 Qd1+
40. Ke3 Qc1+ 1/2-1/2

[Event "FB22 2122 Hamburger SK II - Delmenhorst"]
[Site "?"]
[Date "2022.02.20"]
[Round "3.6"]
[White "Reich, Kristina"]
[Black "Schlueter, Ulrike"]
[Result "1-0"]
[WhiteElo "1545"]
[BlackElo "1448"]
[PlyCount "47"]
[EventDate "2022.??.??"]

1. e4 e5 2. d4 exd4 3. Qxd4 Nc6 4. Qe3 d6 5. Nc3 Nf6 6. Bd2 Be7 7. O-O-O Be6 8.
Qg3 Nh5 9. Qe3 Qd7 10. Nf3 O-O-O 11. Bb5 a6 12. Ba4 Nf6 13. Nd4 Ng4 14. Bxc6
bxc6 15. Qe2 Kb7 16. a3 Ne5 17. f4 Bc4 18. Qe3 Ng6 19. b3 c5 20. Nf5 Bb5 21.
Nxg7 Bf6 22. Nh5 Bxc3 23. Bxc3 Rhf8 24. Bg7 1-0

[Event "FB22 2122 SK Lehrte II - SV Mülheim-No"]
[Site "?"]
[Date "2022.03.26"]
[Round "3.1"]
[White "Dergatschova, Anna"]
[Black "Wilmink, Anna"]
[Result "0-1"]
[WhiteElo "2137"]
[BlackElo "1681"]
[PlyCount "68"]
[EventDate "2022.??.??"]

1. e4 c5 2. c3 d5 3. e5 Bf5 4. Qb3 Qd7 5. Nf3 e6 6. d4 Nc6 7. Be3 c4 8. Qd1 b5
9. a4 Na5 10. Nbd2 b4 11. cxb4 Bxb4 12. Be2 Ne7 13. O-O O-O 14. Nh4 h6 15. Nxf5
Nxf5 16. Ra2 Rab8 17. Bg4 Nxe3 18. fxe3 Qe7 19. Rf4 Nc6 20. Nf1 Ba5 21. Be2 Rb3
22. Qc1 Rfb8 23. Bd1 R3b6 24. Bc2 Nb4 25. Ra1 Nxc2 26. Qxc2 Rxb2 27. Qd1 c3 28.
Rc1 Qc7 29. e4 dxe4 30. Rxe4 Qb7 31. Rg4 Rb1 32. Rg3 Qb2 33. Qg4 g6 34. Rxb1
Qxb1 0-1

[Event "FB22 2122 SK Lehrte II - SV Mülheim-No"]
[Site "?"]
[Date "2022.03.26"]
[Round "3.2"]
[White "Michalek, Barbara"]
[Black "Freitag, Julia"]
[Result "*"]
[WhiteElo "1895"]
[BlackElo "2106"]
[PlyCount "106"]
[EventDate "2022.??.??"]

1. d4 d5 2. c4 e6 3. Nc3 f5 4. e3 Nf6 5. Be2 c6 6. Nf3 Bd6 7. Ne5 Nbd7 8. f4
O-O 9. a3 Ne4 10. Nxe4 fxe4 11. g3 a5 12. Qc2 Nf6 13. Bd2 Bd7 14. Nxd7 Qxd7 15.
c5 Bc7 16. O-O h6 17. Kg2 Kh8 18. h4 Qe7 19. Rh1 Nd7 20. b4 axb4 21. axb4 Rxa1
22. Rxa1 e5 23. Ra3 exf4 24. exf4 Qf6 25. Qc3 Qg6 26. h5 Qf7 27. Ra1 Nf6 28.
Rh1 Ra8 29. g4 e3 30. Qxe3 Re8 31. Qf3 Ne4 32. Bc1 b6 33. Bd3 bxc5 34. bxc5 Qf6
35. Be3 Ba5 36. g5 hxg5 37. fxg5 Nxg5 38. Qxf6 gxf6 39. Bf2 Rg8 40. Bg6 Ne4 41.
Bh4 Bc3 42. Rd1 Kg7 43. Rd3 Kh6 44. Kf3 Rxg6 45. hxg6 Kxg6 46. Bf2 Ng5+ 47. Kf4
Ba5 48. Ra3 Bd2+ 49. Be3 Ne6+ 50. Kf3 Bb4 51. Ra4 Bc3 52. Ra6 Nd8 53. Ra8 Nb7 *

[Event "FB22 2122 SK Lehrte II - SV Mülheim-No"]
[Site "?"]
[Date "2022.03.26"]
[Round "3.3"]
[White "Limbourg, Marina"]
[Black "Grabowski, Petra"]
[Result "1/2-1/2"]
[WhiteElo "2034"]
[BlackElo "1622"]
[PlyCount "93"]
[EventDate "2022.??.??"]

1. e4 e6 2. d4 d5 3. Nc3 dxe4 4. Nxe4 Nd7 5. Bd3 Ngf6 6. Bg5 Be7 7. Nxf6+ Nxf6
8. Nf3 Nd5 9. Bd2 c5 10. Qe2 O-O 11. O-O cxd4 12. Nxd4 Qb6 13. Nb3 Qc7 14. f4
Bd6 15. c4 Nxf4 16. Bxf4 Bxf4 17. Bxh7+ Kxh7 18. Qe4+ f5 19. Qxf4 Qxf4 20. Rxf4
e5 21. Rf2 Be6 22. Re1 e4 23. Nd4 Bxc4 24. Nxf5 Bxa2 25. Rxe4 Bb1 26. Rh4+ Kg6
27. Rg4+ Kh5 28. Rgf4 Bxf5 29. Rxf5+ Rxf5 30. Rxf5+ Kg6 31. g4 Rc8 32. Rb5 b6
33. Kf2 Kf6 34. Kf3 Rc2 35. h4 Rc4 36. b3 Rc1 37. Rf5+ Ke6 38. Rb5 Kf6 39. g5+
Kg6 40. Kf4 Rh1 41. Kg4 Rg1+ 42. Kf3 Rh1 43. Rb4 Kh5 44. Kg3 Rg1+ 45. Kf3 Rh1
46. Kg3 Rg1+ 47. Kf3 1/2-1/2

[Event "FB22 2122 SK Lehrte II - SV Mülheim-No"]
[Site "?"]
[Date "2022.03.26"]
[Round "3.4"]
[White "Flauss, Jessica"]
[Black "Hausrath, Michaela"]
[Result "1/2-1/2"]
[WhiteElo "1638"]
[BlackElo "1738"]
[PlyCount "56"]
[EventDate "2022.??.??"]

1. e4 c5 2. Nf3 Nc6 3. Nc3 Nf6 4. d4 cxd4 5. Nxd4 e5 6. Nf3 Bb4 7. Bd3 d5 8.
exd5 Nxd5 9. Bd2 Bxc3 10. Bxc3 Nxc3 11. bxc3 O-O 12. Be4 Bd7 13. O-O Re8 14.
Qd3 h6 15. Rab1 Qc7 16. Nh4 Rad8 17. Qg3 Re6 18. Rfd1 Rd6 19. h3 Be6 20. Rxd6
Rxd6 21. Nf5 Bxf5 22. Bxf5 Ne7 23. Be4 Nc6 24. Qe3 b6 25. Re1 Qc8 26. Qf3 Qe6
27. a3 Ne7 28. Bd3 Nc6 1/2-1/2

[Event "FB22 2122 SK Lehrte II - SV Mülheim-No"]
[Site "?"]
[Date "2022.03.26"]
[Round "3.5"]
[White "Cipkis, Swetlana"]
[Black "Stelter, Finja"]
[Result "1-0"]
[WhiteElo "1706"]
[BlackElo "1412"]
[PlyCount "61"]
[EventDate "2022.??.??"]

1. e4 c5 2. Nf3 Nc6 3. d4 cxd4 4. Nxd4 g6 5. c3 Bg7 6. Be3 Nf6 7. Nd2 d5 8. Bb5
Bd7 9. Bxc6 Bxc6 10. e5 Ne4 11. e6 O-O 12. exf7+ Rxf7 13. Ne6 Qd6 14. Nxg7 Kxg7
15. O-O Qe6 16. Bd4+ Kg8 17. Re1 Qf5 18. f3 Nd6 19. Nf1 Nb5 20. Bc5 e5 21. Ne3
Qe6 22. Ng4 g5 23. Rxe5 Qg6 24. Qe2 Nc7 25. Re7 Re8 26. Rxe8+ Bxe8 27. Re1 Bb5
28. Qe5 h5 29. Bd4 Rf4 30. Qh8+ Kf7 31. Ne5+ 1-0

[Event "FB22 2122 SK Doppelbauer Turm Kiel - LÃ"]
[Site "?"]
[Date "2022.04.03"]
[Round "3.1"]
[White "Braeutigam, Irina"]
[Black "Gressmann, Hanna"]
[Result "1/2-1/2"]
[WhiteElo "2016"]
[BlackElo "1902"]
[PlyCount "65"]
[EventDate "2022.??.??"]

1. e4 Nf6 2. e5 Nd5 3. d4 d6 4. c4 Nb6 5. f4 dxe5 6. fxe5 Nc6 7. Be3 Bf5 8. Nf3
Nb4 9. Na3 e6 10. Be2 Be7 11. O-O O-O 12. Qe1 a5 13. Qg3 Kh8 14. Rfd1 Na4 15.
Rd2 Nb6 16. Bf2 h6 17. Nb5 Na6 18. a3 c6 19. Nd6 Bxd6 20. exd6 Nd7 21. Nh4 Bh7
22. Bd3 Nf6 23. Bxh7 Kxh7 24. Qd3+ Kg8 25. Bg3 c5 26. Nf3 Rc8 27. Qe2 cxd4 28.
Rxd4 Nc5 29. Rad1 Nb3 30. R4d3 Nc5 31. Rd4 Nb3 32. R4d3 Nc5 33. Rd4 1/2-1/2

[Event "FB22 2122 SK Doppelbauer Turm Kiel - LÃ"]
[Site "?"]
[Date "2022.04.03"]
[Round "3.2"]
[White "Willrodt, Sonja"]
[Black "Mundt, Alexandra"]
[Result "0-1"]
[WhiteElo "1842"]
[BlackElo "1770"]
[PlyCount "58"]
[EventDate "2022.??.??"]

1. Nf3 g6 2. d4 Bg7 3. e4 c5 4. c3 Nc6 5. dxc5 Qa5 6. Be3 Nf6 7. Nbd2 Ng4 8.
Qe2 O-O 9. h3 Nf6 10. Nc4 Qc7 11. Qc2 Re8 12. Be2 d5 13. cxd6 exd6 14. Ncd2 d5
15. Bd3 Qe7 16. Bg5 dxe4 17. Nxe4 Bf5 18. Bxf6 Bxf6 19. Nfd2 Rac8 20. Qb1 Ne5
21. Nxf6+ Qxf6 22. Be4 Nc4 23. f3 Qh4+ 24. Ke2 Nxd2 25. Kxd2 Rcd8+ 26. Ke3 Qg5+
27. Kf2 Rd2+ 28. Ke1 Qe3+ 29. Kf1 Qf2# 0-1